BIBLIOTECA

SENCICO

Norma de Construcciones en Concreto Estructural ACI 318-99 (Registro nro. 3500)

Detalles MARC
000 -LEADER
fixed length control field 00637nam a2200193Ia 4500
005 - DATE AND TIME OF LATEST TRANSACTION
control field 20251020182616.0
008 - FIXED-LENGTH DATA ELEMENTS--GENERAL INFORMATION
fixed length control field 200515s9999 xx 000 0 und d
082 ## - DEWEY DECIMAL CLASSIFICATION NUMBER
Classification number SC/693.56(094.8)/A49
100 ## - MAIN ENTRY--PERSONAL NAME
Personal name American Concrete Institute
245 #0 - TITLE STATEMENT
Title Norma de Construcciones en Concreto Estructural ACI 318-99
260 ## - PUBLICATION, DISTRIBUTION, ETC.
Place of publication, distribution, etc. Lima
260 ## - PUBLICATION, DISTRIBUTION, ETC.
Date of publication, distribution, etc. 2000
300 ## - PHYSICAL DESCRIPTION
Extent 378
520 ## - SUMMARY, ETC.
Summary, etc. Contiene: Normas para ensayos y materiales.-Requisitos de construcción.-Requisitos generales.-Sistemas y elementos estructurales.-Concreto estructural simple
650 ## - SUBJECT ADDED ENTRY--TOPICAL TERM
Topical term or geographic name entry element ACI-318-99
650 ## - SUBJECT ADDED ENTRY--TOPICAL TERM
Topical term or geographic name entry element CONCRETO
650 ## - SUBJECT ADDED ENTRY--TOPICAL TERM
Topical term or geographic name entry element CONCRETO ESTRUCTURAL
942 ## - ADDED ENTRY ELEMENTS (KOHA)
Koha item type Libros
Existencias
Fecha de la última vez que lo usaron Pago total Signatura topográfica completa Código de barras Precio efectivo desde Tipo de documento Estado perdido Estado dañado No es para préstamo Retirado Ubicación permanente Ubicación actual Fecha de adquisición
15/05/2020   SC/693.56(094.8)/A49 Bib-Lima15053500 15/05/2020 Libros         Biblioteca Central Lima Biblioteca Central Lima 15/05/2020